000 00497nam a2200181Ia 4500
005 20250326124254.0
008 250326s9999 xx 000 0 und d
037 _aTextbook
040 _aFMSL
_beng
_cFMSL
041 _aeng
_2eng
084 _aX:517 K5
_qFMSL
100 _aChamberlin E H
245 0 _aTheory of monopolistic competition
_cChamberlin E H
260 _aUSA
_bUSA, Oxford University
_c1965
300 _a396p
942 _cTB
_hX:517 K5
999 _c1273038
_d1273038